Catalytic processes and proven catalysts /

Guardado en:
Autor Principal: Thomas, Charles L. 1905-
Formato: Libro
Idioma:English
Publicado: New York : Academic Press, 1970.
Materias:
Etiquetas: Agregar Etiqueta
Sin Etiquetas, Sea el primero en etiquetar este registro!
LEADER 00731nam a22002175a 4500
001 EIQ.libpla000726
008 700730s1970####nyu######b####001#0#eng#d
005 20060502180554.0
245 1 0 |a Catalytic processes and proven catalysts /  |c Charles L. Thomas. 
260 |a New York :  |b Academic Press,  |c 1970. 
300 |a xiv, 284 p. ;  |c 24 cm. 
504 |a Incluye referencias bibliográficas e índice. 
100 1 |a Thomas, Charles L.  |q (Charles La Mar),  |d 1905- 
082 0 0 |a 660/.29/95 
650 4 |a Catálisis  |x Procesos. 
650 4 |a Catalizadores  |x Aptos. 
650 4 |a Catalysts  |x Proven. 
650 4 |a Catalysis  |x Processes. 
010 |a  74107552  
040 |a DLC  |c DLC  |d AR-BasID 
859 |a AR-BbSID  |b BIB. PLAPIQUI  |h 541.395  |i T 363  |p 1443